000 01016nam a2200241Ia 4500
001 938.9-GRI ma al (19382)
003 IT-MiSPE
008 171229s9999||||xx |||||||||||||| ||und||
040 _aIT-MiSPE
_cIT-MiSPE
041 _aITALIANO
100 _aMassimo Grillandi
245 0 _aAlessandro Magno
250 _a1a ed. (v)
260 _aVerona
_bFuturo
_c1981
300 _a77 p.
_c28 cm
490 _aI protagonisti della civiltà
_v18
500 _aAlessandro Magno
501 _aEdizioni San Paolo srl - Piazza Soncino, 5 - 20092 CINISELLO BALSAMO (MI) (non commercial uses only) ® Copyright 2018
520 _aIll., cart. geo.
942 _cBK
957 _71
999 _a5789
_bNO
_g Copie: 1
_c356751
_d356751